000 00577cam a2200193 4500500
005 20260405003948.0
041 _afre
042 _adc
100 1 0 _aBeth, Jehnny
_eauthor
700 1 0 _ade Oliveira, Victorine
_eauthor
245 0 0 _aJehnny Beth : même pas mal
260 _c2025.
500 _a71
690 _aActrice
690 _aChanteuse
690 _aRock
786 0 _nPhilosophie magazine | 193 | 10 | 2025-10-01 | p. 186-186 | 1951-1787
856 4 1 _uhttps://shs.cairn.info/magazine-philosophie-magazine-2025-10-page-186?lang=fr&redirect-ssocas=7080
999 _c2072479
_d2072479